000 00348 a2200169 4500
001 174299
020 _a
040 _cMagnum
100 _aLima, Flavio Ferraz
240 1 0 _aA cartola mágica
_lpor
245 1 0 _aA cartola mágica
300 _a20
362 0 _a1992
440 1 _a
697 _aLITERATURA INFANTO-JUVENIL
942 _cBK
999 _c174299
_d174299